|
|
|
|
| LEADER |
00000nam0a2200000 4500 |
| 001 |
266484 |
| 005 |
20231101234014.0 |
| 035 |
|
|
|a (RuTPU)RU\TPU\book\289504
|
| 090 |
|
|
|a 266484
|
| 100 |
|
|
|a 20140709d1986 k y0rusy50 ca
|
| 101 |
0 |
|
|a rus
|
| 102 |
|
|
|a RU
|
| 105 |
|
|
|a a z 001zy
|
| 200 |
1 |
|
|a Системное программное обеспечение автоматизации научных исследований
|f Академия наук СССР (АН СССР), Дальневосточное отделение (ДВО), Институт автоматики и процессов управления (ИАПУ) ; под ред. В. Л. Перчука ; И. В. Рудневой
|
| 210 |
|
|
|a Владивосток
|c Изд-во ДВНЦ АН СССР
|d 1986
|
| 215 |
|
|
|a 164 с.
|c ил.
|
| 320 |
|
|
|a Библиография в конце статей
|
| 606 |
1 |
|
|a Математическое и программное обеспечение вычислительных машин, комплексов и компьютерных сетей
|2 stltpush
|3 (RuTPU)RU\TPU\subj\38322
|9 58950
|
| 610 |
1 |
|
|a машинная графика
|
| 610 |
1 |
|
|a архитектура
|
| 610 |
1 |
|
|a сети Петри
|
| 610 |
1 |
|
|a ввод-вывод
|
| 610 |
1 |
|
|a интерфейс
|
| 610 |
1 |
|
|a схемы
|
| 610 |
1 |
|
|a графические устройства
|
| 675 |
|
|
|a 681.3
|v 3
|
| 702 |
|
1 |
|a Перчук
|b В. Л.
|4 340
|
| 702 |
|
1 |
|a Руднева
|b И. В.
|4 340
|
| 712 |
0 |
2 |
|a Академия наук СССР (АН СССР)
|b Дальневосточное отделение (ДВО)
|b Институт автоматики и процессов управления (ИАПУ)
|c (Владивосток)
|2 stltpush
|3 (RuTPU)RU\TPU\col\4503
|
| 801 |
|
1 |
|a RU
|b 63413507
|c 20140709
|
| 801 |
|
2 |
|a RU
|b 63413507
|c 20170217
|g RCR
|
| 942 |
|
|
|c BK
|